Contabilidad de costos (Registro nro. 721)
[ vista simple ]
| 000 -LEADER | |
|---|---|
| fixed length control field | 02187 a2200217 4500 |
| 001 - CONTROL NUMBER | |
| control field | 17265 |
| 005 - DATE AND TIME OF LATEST TRANSACTION | |
| control field | 20260407155459.0 |
| 008 - FIXED-LENGTH DATA ELEMENTS--GENERAL INFORMATION | |
| fixed length control field | 260407a1982 arg spa d |
| 003 - CONTROL NUMBER IDENTIFIER | |
| control field | AR-UNSa-BCEJYS |
| 040 ## - CATALOGING SOURCE | |
| Original cataloging agency | AR-UNSa-BCEJYS |
| Language of cataloging | spa |
| Transcribing agency | AR-UNSa-BCEJYS |
| 080 ## - UNIVERSAL DECIMAL CLASSIFICATION NUMBER | |
| Universal Decimal Classification number | 657.47 |
| Common auxiliary subdivision | Contabilidad de Costos |
| 020 ## - INTERNATIONAL STANDARD BOOK NUMBER | |
| International Standard Book Number | 978-968-438-995-3 |
| 100 1# - MAIN ENTRY--PERSONAL NAME | |
| Personal name | Neuner, John J.W. |
| 245 10 - TITLE STATEMENT | |
| Title | Contabilidad de costos |
| Name of part/section of a work | principios y práctica |
| 264 #1 - PRODUCTION, PUBLICATION, DISTRIBUTION, MANUFACTURE, AND COPYRIGHT NOTICE | |
| Place of production, publication, distribution, manufacture | México : |
| Name of producer, publisher, distributor, manufacturer | Unión Tipográfica Editorial Hispano-Americana (UTEHA) |
| Date of production, publication, distribution, manufacture, or copyright notice | 1982 |
| 300 ## - PHYSICAL DESCRIPTION | |
| Extent | 824 p. |
| Dimensions | 23 cm. |
| 505 ## - FORMATTED CONTENTS NOTE | |
| Formatted contents note | 1. Aspectos administrativos y de organización de la contabilidad de costos - 2. Determinación del costo por órdenes de trabajo - 3. Determinación del costo por procesos-Parte I - 4. Determinación del costo por procesos-Parte II - 5. Contabilidd de productos conjuntos y subproductos - 6. Procesamiento electrónico de datos para la acumulación de costos, informes y control - 7. Contabilidad de los materiales - 8. Determinación de los costos de mano de obra - 9. Costos por gastos indirectos aplicados a los objetivos del costo - 10. Contabilización de los costos de gastos indirectos de fabricación actuales - 11. Contabilidad del costo estándar-Materiales y mano de obra - 12. Contabilidad del costo estándar - Gastos indirectos de fabricación - 13. Consideraciones especiales en la contabilidad de costos estándar - 14. Planeación administrativa mediante el presupuesto - 15. Informes a la dirección para control y evaluación del funcionamiento - 16. Análisis del comportamiento de los costos - 17. Costeo directo - 18. Problemas especiales en el análisis y control de los inventarios - 19. Análisis del costo de distribución - 20. Planeación de la utilidad mediante el análisis del costo-volumen-utilidad - 21. Planes a largo plazo y presupuestos de inversiones - 22. Técnicas de la ciencia de la administración en la planeación del costo - 23. Análisis de costos para fines especiales - 24. Análisis del costo en organizaciones no lucrativas - 25. Resolución de casos especiales de aplicación de costos |
| 590 ## - LOCAL NOTE (RLIN) | |
| Local note | niveau_biblio:m niveau_hierar:0 |
| 700 1# - ADDED ENTRY--PERSONAL NAME | |
| Personal name | Deakin III, Edward B. |
| 942 ## - ADDED ENTRY ELEMENTS (KOHA) | |
| Koha item type | |
| Withdrawn status | Lost status | Damaged status | Not for loan | Home library | Current library | Shelving location | Date acquired | Total checkouts | Full call number | Barcode | Date last seen | Price effective from | Koha item type |
|---|---|---|---|---|---|---|---|---|---|---|---|---|---|
| Biblioteca Prof. Eusebio Cleto del Rey | Biblioteca Prof. Eusebio Cleto del Rey | 07/04/2026 | 657.47 N494c | L44249 | 07/04/2026 | 07/04/2026 | Libro | ||||||
| Biblioteca Prof. Eusebio Cleto del Rey | Biblioteca Prof. Eusebio Cleto del Rey | 07/04/2026 | 657.47 N494c | L45982 | 07/04/2026 | 07/04/2026 | Libro |